| 000 | 00540nam a2200169Ia 4500 | ||
|---|---|---|---|
| 003 | GCL | ||
| 008 | 140319s9999 xx 000 0 ara d | ||
| 040 |
_aGCL / _cGCL |
||
| 082 | 0 | 4 |
_aافلام ت _b27 |
| 100 | 1 | _aعبداللطيف عمر | |
| 245 | 1 | 0 |
_aالمدارس المملوكة الملحقة بالازهر (20 دقيقة) / _cعبداللطيف عمر |
| 260 |
_a[S.N] : _bالمركز القومى للسينما |
||
| 490 | _a | ||
| 650 | 0 | 4 | _aشرائط فيديو |
| 650 | 0 | 4 | _aافلام تسجيلية |
| 942 |
_2ddc _cBK |
||
| 999 |
_c36654 _d36654 |
||